Infantry in battle / (Record no. 185600)
[ view plain ]
| 000 -LEADER | |
|---|---|
| fixed length control field | 01093 a2200169 4500 |
| 003 - CONTROL NUMBER IDENTIFIER | |
| control field | NUST |
| 005 - DATE AND TIME OF LATEST TRANSACTION | |
| control field | 20221229165943.0 |
| 040 ## - CATALOGING SOURCE | |
| Transcribing agency | Nust |
| 082 ## - DEWEY DECIMAL CLASSIFICATION NUMBER | |
| Classification number | 356.1,INF |
| 100 ## - MAIN ENTRY--PERSONAL NAME | |
| Personal name | Erwin |
| 9 (RLIN) | 106431 |
| 245 ## - TITLE STATEMENT | |
| Title | Infantry in battle / |
| 260 ## - PUBLICATION, DISTRIBUTION, ETC. | |
| Place of publication, distribution, etc. | Washington |
| Name of publisher, distributor, etc. | United state |
| Date of publication, distribution, etc. | 1934 |
| 300 ## - PHYSICAL DESCRIPTION | |
| Extent | 386,p.; |
| 505 ## - FORMATTED CONTENTS NOTE | |
| Formatted contents note | Obscurity (Page-1), Simplicity (Page-16), Rules (Page-34), Surprise (Page-48), Mobility (Page-61), Terrain (Page-73), Miracles (Page-83), Decisions (Page-93), Optimism and tenacity (Page-108), Orders (Page-122), Counter orders (Page-137), Supervision (Page-146), Control (Page-156), Command and Communication (Page-170), Action and Morale (Page-184), Nearing the Enemy (Page-193), The Advanced to the Attack (Page-207), Battle Reconnaissance (Page-218), Time and Space (Page-237), Direction (Page-250), The Plan (Page-266), Scheme of maneuver and Main Effort (Page-278), Fire (Page-290), Fire of Machine Guns (Page-306), Infiltration (Page-317), Infantry- Artillery Team (Page-335), Night Attacks (Page-359). |
| 650 ## - SUBJECT ADDED ENTRY--TOPICAL TERM | |
| Topical term or geographic name entry element | Infantry in battle |
| 9 (RLIN) | 106432 |
| 942 ## - ADDED ENTRY ELEMENTS (KOHA) | |
| Source of classification or shelving scheme | |
| Koha item type | Book |
| Call number prefix | 356.1,INF |
| Withdrawn status | Lost status | Source of classification or shelving scheme | Damaged status | Not for loan | Permanent Location | Current Location | Shelving location | Date acquired | Full call number | Barcode | Date last seen | Price effective from | Koha item type | Public note |
|---|---|---|---|---|---|---|---|---|---|---|---|---|---|---|
| Military College of Signals (MCS) | Military College of Signals (MCS) | General Stacks | 12/12/2016 | 356.1,INF | MCS21530 | 02/23/2023 | 12/12/2016 | Book | Almirah No.53, Shelf No.4 |
